<?xml version="1.0" encoding="UTF-8"?>
<record
    xmlns:xsi="http://www.w3.org/2001/XMLSchema-instance"
    xsi:schemaLocation="http://www.loc.gov/MARC21/slim http://www.loc.gov/standards/marcxml/schema/MARC21slim.xsd"
    xmlns="http://www.loc.gov/MARC21/slim">

  <leader>01354cam a2200457 a 4500</leader>
  <controlfield tag="001">1182004</controlfield>
  <controlfield tag="003">OSt</controlfield>
  <controlfield tag="005">20140310184315.0</controlfield>
  <controlfield tag="008">970808s1998    nyu    c      000 1 eng  </controlfield>
  <datafield tag="010" ind1=" " ind2=" ">
    <subfield code="a">   97034365 </subfield>
  </datafield>
  <datafield tag="020" ind1=" " ind2=" ">
    <subfield code="a">0786804378 (tr)</subfield>
  </datafield>
  <datafield tag="020" ind1=" " ind2=" ">
    <subfield code="a">0786823852 (lib)</subfield>
  </datafield>
  <datafield tag="040" ind1=" " ind2=" ">
    <subfield code="a">DLC</subfield>
    <subfield code="c">DLC</subfield>
    <subfield code="d">DLC</subfield>
  </datafield>
  <datafield tag="042" ind1=" " ind2=" ">
    <subfield code="a">lcac</subfield>
  </datafield>
  <datafield tag="050" ind1="0" ind2="0">
    <subfield code="a">PZ 7</subfield>
    <subfield code="b">.C3575Mar 1998</subfield>
  </datafield>
  <datafield tag="100" ind1="1" ind2=" ">
    <subfield code="a">Chambers, Veronica.</subfield>
    <subfield code="9">23424</subfield>
  </datafield>
  <datafield tag="245" ind1="1" ind2="0">
    <subfield code="a">Marisol and Magdalena :</subfield>
    <subfield code="b">the sound of our sisterhood /</subfield>
    <subfield code="c">Veronica Chambers.</subfield>
  </datafield>
  <datafield tag="250" ind1=" " ind2=" ">
    <subfield code="a">1st ed.</subfield>
  </datafield>
  <datafield tag="260" ind1=" " ind2=" ">
    <subfield code="a">New York :</subfield>
    <subfield code="b">Scholastic Inc.,</subfield>
    <subfield code="c">1998.</subfield>
  </datafield>
  <datafield tag="300" ind1=" " ind2=" ">
    <subfield code="a">141 p. ;</subfield>
    <subfield code="c">22 cm.</subfield>
  </datafield>
  <datafield tag="521" ind1=" " ind2=" ">
    <subfield code="a">G5</subfield>
  </datafield>
  <datafield tag="526" ind1=" " ind2=" ">
    <subfield code="c">730</subfield>
  </datafield>
  <datafield tag="650" ind1=" " ind2="0">
    <subfield code="a">Panamanian Americans</subfield>
    <subfield code="v">Juvenile fiction.</subfield>
    <subfield code="9">23425</subfield>
  </datafield>
  <datafield tag="650" ind1=" " ind2="1">
    <subfield code="a">Panamanian Americans</subfield>
    <subfield code="v">Fiction.</subfield>
    <subfield code="9">23426</subfield>
  </datafield>
  <datafield tag="650" ind1=" " ind2="1">
    <subfield code="a">Best friends</subfield>
    <subfield code="x">Fiction.</subfield>
    <subfield code="9">23427</subfield>
  </datafield>
  <datafield tag="650" ind1=" " ind2="1">
    <subfield code="a">Grandmothers</subfield>
    <subfield code="x">Fiction.</subfield>
    <subfield code="9">23428</subfield>
  </datafield>
  <datafield tag="650" ind1=" " ind2="1">
    <subfield code="a">Fathers and daughters</subfield>
    <subfield code="x">Fiction.</subfield>
    <subfield code="9">23429</subfield>
  </datafield>
  <datafield tag="651" ind1=" " ind2="1">
    <subfield code="a">Panama</subfield>
    <subfield code="x">Fiction.</subfield>
    <subfield code="9">23430</subfield>
  </datafield>
  <datafield tag="906" ind1=" " ind2=" ">
    <subfield code="a">7</subfield>
    <subfield code="b">cbc</subfield>
    <subfield code="c">orignew</subfield>
    <subfield code="d">1</subfield>
    <subfield code="e">ocip</subfield>
    <subfield code="f">19</subfield>
    <subfield code="g">y-gencatlg</subfield>
  </datafield>
  <datafield tag="942" ind1=" " ind2=" ">
    <subfield code="2">lcc</subfield>
    <subfield code="c">BK-SCHOLAS</subfield>
  </datafield>
  <datafield tag="999" ind1=" " ind2=" ">
    <subfield code="c">33564</subfield>
    <subfield code="d">33564</subfield>
  </datafield>
  <datafield tag="952" ind1=" " ind2=" ">
    <subfield code="0">0</subfield>
    <subfield code="1">0</subfield>
    <subfield code="2">lcc</subfield>
    <subfield code="4">0</subfield>
    <subfield code="a">LUX</subfield>
    <subfield code="b">LUX</subfield>
    <subfield code="c">SCHO</subfield>
    <subfield code="d">2013-10-03</subfield>
    <subfield code="l">0</subfield>
    <subfield code="o">PZ 7 .C3575Mar 1998</subfield>
    <subfield code="p">LEX0516</subfield>
    <subfield code="r">2017-04-18 00:00:00</subfield>
    <subfield code="t">1</subfield>
    <subfield code="w">2013-10-03</subfield>
    <subfield code="y">BK</subfield>
  </datafield>
  <datafield tag="952" ind1=" " ind2=" ">
    <subfield code="0">0</subfield>
    <subfield code="1">0</subfield>
    <subfield code="2">lcc</subfield>
    <subfield code="4">0</subfield>
    <subfield code="a">LUX</subfield>
    <subfield code="b">LUX</subfield>
    <subfield code="c">SCHO</subfield>
    <subfield code="d">2013-10-03</subfield>
    <subfield code="l">0</subfield>
    <subfield code="o">PZ 7 .C3575Mar 1998</subfield>
    <subfield code="p">LEX0514</subfield>
    <subfield code="r">2017-04-18 00:00:00</subfield>
    <subfield code="t">2</subfield>
    <subfield code="w">2013-10-03</subfield>
    <subfield code="y">BK</subfield>
  </datafield>
  <datafield tag="952" ind1=" " ind2=" ">
    <subfield code="0">0</subfield>
    <subfield code="1">0</subfield>
    <subfield code="2">lcc</subfield>
    <subfield code="4">0</subfield>
    <subfield code="a">LUX</subfield>
    <subfield code="b">LUX</subfield>
    <subfield code="c">SCHO</subfield>
    <subfield code="d">2013-10-07</subfield>
    <subfield code="l">0</subfield>
    <subfield code="o">PZ 7 .C3575Mar 1998</subfield>
    <subfield code="p">LEX0855</subfield>
    <subfield code="r">2017-04-18 00:00:00</subfield>
    <subfield code="t">3</subfield>
    <subfield code="w">2013-10-07</subfield>
    <subfield code="y">BK</subfield>
  </datafield>
  <datafield tag="952" ind1=" " ind2=" ">
    <subfield code="0">0</subfield>
    <subfield code="1">0</subfield>
    <subfield code="2">lcc</subfield>
    <subfield code="4">0</subfield>
    <subfield code="a">LUX</subfield>
    <subfield code="b">LUX</subfield>
    <subfield code="c">SCHO</subfield>
    <subfield code="d">2013-10-08</subfield>
    <subfield code="l">0</subfield>
    <subfield code="o">PZ 7 .C3575Mar 1998</subfield>
    <subfield code="p">LEX2352</subfield>
    <subfield code="r">2017-04-18 00:00:00</subfield>
    <subfield code="t">4</subfield>
    <subfield code="w">2013-10-08</subfield>
    <subfield code="y">BK</subfield>
  </datafield>
  <datafield tag="952" ind1=" " ind2=" ">
    <subfield code="0">0</subfield>
    <subfield code="1">0</subfield>
    <subfield code="2">lcc</subfield>
    <subfield code="4">0</subfield>
    <subfield code="a">LUX</subfield>
    <subfield code="b">LUX</subfield>
    <subfield code="c">SCHO</subfield>
    <subfield code="d">2013-10-08</subfield>
    <subfield code="l">0</subfield>
    <subfield code="o">PZ 7 .C3575Mar 1998</subfield>
    <subfield code="p">LEX2355</subfield>
    <subfield code="r">2017-04-18 00:00:00</subfield>
    <subfield code="t">5</subfield>
    <subfield code="w">2013-10-08</subfield>
    <subfield code="y">BK</subfield>
  </datafield>
  <datafield tag="952" ind1=" " ind2=" ">
    <subfield code="0">0</subfield>
    <subfield code="1">0</subfield>
    <subfield code="2">lcc</subfield>
    <subfield code="4">0</subfield>
    <subfield code="a">LUX</subfield>
    <subfield code="b">LUX</subfield>
    <subfield code="c">SCHO</subfield>
    <subfield code="d">2013-10-08</subfield>
    <subfield code="l">0</subfield>
    <subfield code="o">PZ 7 .C3575Mar 1998</subfield>
    <subfield code="p">LEX2354</subfield>
    <subfield code="r">2017-04-18 00:00:00</subfield>
    <subfield code="t">6</subfield>
    <subfield code="w">2013-10-08</subfield>
    <subfield code="y">BK</subfield>
  </datafield>
  <datafield tag="952" ind1=" " ind2=" ">
    <subfield code="0">0</subfield>
    <subfield code="1">0</subfield>
    <subfield code="2">lcc</subfield>
    <subfield code="4">0</subfield>
    <subfield code="a">LUX</subfield>
    <subfield code="b">LUX</subfield>
    <subfield code="c">SCHO</subfield>
    <subfield code="d">2013-10-08</subfield>
    <subfield code="l">0</subfield>
    <subfield code="o">PZ 7 .C3575Mar 1998</subfield>
    <subfield code="p">LEX2353</subfield>
    <subfield code="r">2017-04-18 00:00:00</subfield>
    <subfield code="t">7</subfield>
    <subfield code="w">2013-10-08</subfield>
    <subfield code="y">BK</subfield>
  </datafield>
  <datafield tag="952" ind1=" " ind2=" ">
    <subfield code="0">0</subfield>
    <subfield code="1">0</subfield>
    <subfield code="2">lcc</subfield>
    <subfield code="4">0</subfield>
    <subfield code="a">LUX</subfield>
    <subfield code="b">LUX</subfield>
    <subfield code="c">SCHO</subfield>
    <subfield code="d">2013-10-08</subfield>
    <subfield code="l">0</subfield>
    <subfield code="o">PZ 7 .C3575Mar 1998</subfield>
    <subfield code="p">LEX2356</subfield>
    <subfield code="r">2017-04-18 00:00:00</subfield>
    <subfield code="t">8</subfield>
    <subfield code="w">2013-10-08</subfield>
    <subfield code="y">BK</subfield>
  </datafield>
  <datafield tag="952" ind1=" " ind2=" ">
    <subfield code="0">0</subfield>
    <subfield code="1">0</subfield>
    <subfield code="2">lcc</subfield>
    <subfield code="4">0</subfield>
    <subfield code="a">LUX</subfield>
    <subfield code="b">LUX</subfield>
    <subfield code="c">SCHO</subfield>
    <subfield code="d">2013-10-08</subfield>
    <subfield code="l">0</subfield>
    <subfield code="o">PZ 7 .C3575Mar 1998</subfield>
    <subfield code="p">LEX2358</subfield>
    <subfield code="r">2017-04-18 00:00:00</subfield>
    <subfield code="t">9</subfield>
    <subfield code="w">2013-10-08</subfield>
    <subfield code="y">BK</subfield>
  </datafield>
  <datafield tag="952" ind1=" " ind2=" ">
    <subfield code="0">0</subfield>
    <subfield code="1">0</subfield>
    <subfield code="2">lcc</subfield>
    <subfield code="4">0</subfield>
    <subfield code="a">LUX</subfield>
    <subfield code="b">LUX</subfield>
    <subfield code="c">SCHO</subfield>
    <subfield code="d">2013-10-08</subfield>
    <subfield code="l">0</subfield>
    <subfield code="o">PZ 7 .C3575Mar 1998</subfield>
    <subfield code="p">LEX2357</subfield>
    <subfield code="r">2017-04-18 00:00:00</subfield>
    <subfield code="t">10</subfield>
    <subfield code="w">2013-10-08</subfield>
    <subfield code="y">BK</subfield>
  </datafield>
</record>
